Elementary applied partial differential equations : (Record no. 2548)
[ view plain ]
| 000 -LEADER | |
|---|---|
| fixed length control field | 00774nam a22002292 4500 |
| 001 - CONTROL NUMBER | |
| control field | 0000004227 |
| 005 - DATE AND TIME OF LATEST TRANSACTION | |
| control field | 20151217145759.0 |
| 008 - FIXED-LENGTH DATA ELEMENTS--GENERAL INFORMATION | |
| fixed length control field | 070521s xx 000 0 eng d |
| 020 ## - INTERNATIONAL STANDARD BOOK NUMBER | |
| International Standard Book Number | 013263807X : |
| 040 ## - CATALOGING SOURCE | |
| Original cataloging agency | KABU |
| Transcribing agency | KABU |
| 050 #0 - LIBRARY OF CONGRESS CALL NUMBER | |
| Classification number | QA377 |
| Item number | .H33 1998 |
| 100 1# - MAIN ENTRY--PERSONAL NAME | |
| Personal name | Haberman, Richard. |
| -- | 0000154683 |
| 245 10 - TITLE STATEMENT | |
| Title | Elementary applied partial differential equations : |
| Remainder of title | with Fourier series and boundary value problems / |
| Statement of responsibility, etc. | Richard Haberman. |
| 250 ## - EDITION STATEMENT | |
| Edition statement | 3rd ed. |
| 260 ## - PUBLICATION, DISTRIBUTION, ETC. (IMPRINT) | |
| Place of publication, distribution, etc. | Upper Saddle River, NJ : |
| Name of publisher, distributor, etc. | Prentice Hall, |
| Date of publication, distribution, etc. | c1998. |
| 300 ## - PHYSICAL DESCRIPTION | |
| Extent | xic, 736 p. : |
| Other physical details | ill. ; |
| Dimensions | 25 cm. |
| 650 #0 - SUBJECT ADDED ENTRY--TOPICAL TERM | |
| Topical term or geographic name as entry element | Differential equations, Partial. |
| -- | 0000154660 |
| 650 #0 - SUBJECT ADDED ENTRY--TOPICAL TERM | |
| Topical term or geographic name as entry element | Fourier series. |
| -- | 0000154684 |
| 908 ## - PUT COMMAND PARAMETER (RLIN) | |
| Put command parameter | 070521 |
| 950 ## - LOCAL HOLDINGS (RLIN) | |
| -- | 1 |
| Withdrawn status | Lost status | Source of classification or shelving scheme | Not for loan | Home library | Current library | Date acquired | Total Checkouts | Full call number | Barcode | Date last seen | Date last checked out | Price effective from | Koha item type |
|---|---|---|---|---|---|---|---|---|---|---|---|---|---|
| Library of Congress Classification | Kabarak, Main Campus | Kabarak, Main Campus | 17/12/2015 | 1 | QA377 .H33 1998 | 008690 | 20/04/2016 | 08/04/2016 | 17/12/2015 | General Collection |